Etika v riešení deficitov verejných financií v EÚ a SR

Niektoré aspekty vývoja verejných financií a vládneho dlhu členských štátov Európskej únie, ako aj deficitu verejných financií SR. Zníženie deficitu verejných financií a vládneho dlhu v súvislosti s etickými zásadami rovnakého zaobchádzania jednotlivých subjektov a inštitúcií národných ekonomík.

Salvato in:
Dettagli Bibliografici
Autore principale: Dobiš, Jaroslav
Altri autori: Víghová, Agneša
Natura: Capitolo di libro
Lingua:slovacco
Soggetti:
Tags: Aggiungi Tag
Nessun Tag, puoi essere il primo ad aggiungerne!!

MARC

LEADER 00000nla$a2200000$$$4500
001 0148391
005 20221107084846.1
041 0 |a slo 
044 |a CZ 
245 1 0 |a Etika v riešení deficitov verejných financií v EÚ a SR  |c Jaroslav Dobiš, Agneša Víghová 
520 |a Niektoré aspekty vývoja verejných financií a vládneho dlhu členských štátov Európskej únie, ako aj deficitu verejných financií SR. Zníženie deficitu verejných financií a vládneho dlhu v súvislosti s etickými zásadami rovnakého zaobchádzania jednotlivých subjektov a inštitúcií národných ekonomík. 
610 2 0 |a politika fiškálna 
610 2 0 |a politika rozpočtová 
610 2 0 |a rozpočet štátny 
610 2 0 |a deficit 
610 2 0 |a dlhy verejné 
610 2 0 |a financie verejné 
610 2 0 |a Slovensko 
610 2 0 |a Európska únia 
100 1 |a Dobiš, Jaroslav 
700 1 |a Víghová, Agneša